[Event "SuperChess Cup Blitz 2019"]
[Site "Bucharest"]
[Date "2019.11.09"]
[Round "3.1"]
[White "Parligras, Mircea-Emilian"]
[Black "Gavrilescu, David"]
[Result "0-1"]
[WhiteElo "2458"]
[BlackElo "2274"]
[Annotator "TA"]
[PlyCount "42"]
[EventDate "2019.11.06"]
[EventType "tourn"]
[EventCountry "ROU"]
[SourceTitle "playchess.com"]
[Source "ChessBase"]
[SourceQuality "1"]

{[%evp 9,168,1,-2,0,8,-36,-20,-35,0,-14,-7,-16,-4,-18,-18,-53,17,-39,-50,-55,-11,-83,-70,-67,-73,-83,-87,-106,-108,-98,-94,-119,-111,-158,-152,-163,-132,-131,-130,-163,-133,-167,-129,-155,-137,-154,-158,-158,-157,-169,-172,-228,-231,-207,-185,-191,-149,-143,-151,-179,-204,-182,40,-312,-292,-303,-303,-341,-337,-451,-446,-464,-467,-466,-461,-487,-451,-511,-307,-292,-281,-443,-297,-518,-495,-657,-509,-827,-729,-765,-707,-964,-1014,-1201,-1197,-1027,-952,-952,-754,-1001,-957,-906,-906,-850,-832,-1272,-1270,-1259,-1258,-1225,-1225,-1216,-1207,-1177,-1171,-830,-362,-1040,-1025,-1196,-1100,-1123,-1123,-1114,-1070,-1067,-1067,-1190,-870,-1256,-1204,-1174,-809,-1635,-1597,-1522,-1864,-29982,-29982,-29983,-29984,-29985,-5704,-29982,-29981,-29984,-29985,-29985,-29984,-29984,-29985,-29984,-29985,-29985,-29986,-29986,-29987,-29989,-29989,-29990,-29991]} 1. Nf3 d5 2. e3 c5 3. c4 d4 4. b4 Nf6 (4... dxe3 5. fxe3 cxb4 6. d4 Nf6 7. Bd3 g6 8. a3 bxa3 9. O-O Bg7 10. Nc3 O-O 11. Bxa3 b6 12. Kh1 Nc6 13. Rc1 Bg4 14. h3 Bxf3 15. Qxf3 {1-0 (45) Wei,Y (2735)-Inarkiev,E (2690) Magas 2018}) 5. Bb2 dxe3 6. fxe3 {A09: Réti Opening: 1 Nf3 d5 2 c4} cxb4 7. d4 g6 8. Bd3 {The position is equal.} Bg7 9. O-O O-O 10. a3 $146 ({Predecessor:} 10. Qe2 Nbd7 11. h3 b6 12. Nbd2 Bb7 13. Rad1 Qc7 14. Qf2 {0-1 (42) Gorozhanin,M (2299)-Isajevsky,A (2416) Kazan 2014}) 10... bxa3 11. Nxa3 Nc6 12. Nc2 {[#]} b6 (12... e5 $1 $15 {[%mdl 512]} 13. d5 (13. dxe5 Ng4 $17) (13. Nxe5 Nxe5 14. dxe5 Ng4 $17) 13... e4 {[%mdl 64] Double Attack} 14. Bxf6 Bxf6 15. Bxe4 Ne5) 13. d5 (13. e4 $11) 13... Na5 $15 14. Ncd4 Bg4 15. h3 (15. Qe1 $11 {remains equal.}) 15... Bxf3 $17 16. Qxf3 Nd7 17. Qe2 Ne5 18. Rac1 Rc8 19. Ba3 Qd7 20. Bb4 Nb7 21. Be4 a5 {Played: Nb7-d6} 0-1

[Event "SuperChess Cup Blitz 2019"]
[Site "Bucharest"]
[Date "2019.11.09"]
[Round "3.2"]
[White "Lupulescu, Constantin"]
[Black "Peptan, Corina-Isabela"]
[Result "1-0"]
[WhiteElo "2525"]
[BlackElo "2334"]
[Annotator "TA"]
[PlyCount "169"]
[EventDate "2019.11.06"]
[EventType "tourn"]
[EventCountry "ROU"]
[SourceTitle "playchess.com"]
[Source "ChessBase"]
[SourceQuality "1"]

{[%evp 18,169,39,38,43,23,35,21,45,45,56,35,55,50,68,39,57,46,62,60,65,58,60,60,63,54,53,59,63,60,93,85,85,83,91,93,96,78,76,46,90,90,94,88,92,84,79,79,100,79,102,93,114,83,83,79,114,52,146,145,148,139,134,142,164,123,150,136,174,157,233,91,95,85,85,66,60,42,60,59,59,22,22,22,193,188,177,139,139,139,139,139,139,139,139,139,182,139,139,139,139,139,156,139,139,139,139,139,227,210,423,420,402,385,498,406,652,570,653,636,4895,4479,4134,2605,3159,840,2566,1722,1709,1684,5089,4627,29984,29985,29985,29986,29986,29987,29987,29988,29988,29988,29988,0,29988,29988,29988,29989,29989,29987,29991,29991,29993,29994]} 1. e4 e6 2. d4 d5 3. Nc3 dxe4 4. Nxe4 Bd7 5. Nf3 Bc6 6. Bd3 Nf6 7. Ned2 Nbd7 8. O-O Be7 9. Qe2 Bxf3 10. Nxf3 O-O {C10: French with 3 Nc3: Unusual Black 3rd moves and 3...dxe4} 11. c4 (11. c3 c6 12. Re1 Qc7 13. g3 Rfe8 14. Kg2 Rad8 15. Bd2 Bd6 16. Rad1 e5 17. dxe5 Nxe5 18. Nxe5 Bxe5 {½-½ (68) Dominguez Perez,L (2739)-Meier,G (2628) chess.com INT 2018}) 11... c5 12. dxc5 Nxc5 {The position is equal.} 13. Bc2 a5 $146 ({Predecessor:} 13... Qb6 14. Rb1 a5 15. b3 Rfd8 16. a3 {½-½ (46) Antonio,R (2465)-Nguyen,D (2280) Ho Chi Minh City 2017}) 14. b3 Qc7 15. Bb2 h6 16. Ne5 Ncd7 17. Rad1 {Black must now prevent Nxd7.} Rad8 18. Ng6 {[%mdl 64] Deflection} fxg6 19. Qxe6+ {[%mdl 64] Double Attack} Rf7 20. Bxg6 {[%mdl 64] Pin} Rdf8 21. Rfe1 Nc5 22. Qe5 Qxe5 23. Bxe5 (23. Rxe5 {with more complications.} b6 24. g3 Rc8 25. Re3 Ng4 26. Re2) 23... Ng4 24. Bxf7+ Rxf7 25. Bd4 {h3 is the strong threat.} b6 26. f3 Nf6 27. Re2 Bf8 28. Bc3 Rd7 29. Rxd7 Ncxd7 30. Bd4 Kf7 31. Kf2 Bd6 32. g3 Nc5 33. Rd2 Be7 34. Ke2 Nfd7 35. Bc3 g5 36. Rd5 Ke6 37. Bb2 (37. f4 $16) 37... Bf6 (37... a4 $14) 38. Bxf6 $16 Nxf6 39. Rd8 h5 40. Ke3 Ke5 41. Rb8 Ncd7 42. Rc8 Kf5 43. a3 Ne5 {[#]} (43... Nc5 $16) 44. b4 (44. c5 $1 $18 {is the precise move to win.}) 44... axb4 45. axb4 {[%cal Ba3b4,Bb4c5,Bc5c6,Bc6c7][%mdl 32]} h4 46. Ke2 hxg3 $1 47. hxg3 g4 48. f4 Ned7 49. c5 bxc5 $1 50. bxc5 {And now c6 would win.} Ne4 $2 (50... Ke6 $1 $11 {and Black stays safe.}) 51. c6 $18 Nb6 52. Rb8 Nd5 53. Rf8+ Ke6 54. Re8+ Ne7 {[#]} 55. c7 $1 {[%cal Rc7c8]} Nd6 56. Rd8 Nec8 57. Kd3 Ke7 58. Rg8 Kd7 59. Rg7+ Kc6 60. Rxg4 Kxc7 61. Rg7+ Kd8 62. Ke2 Ke8 (62... Ne7 $16 {is a better defense.} 63. g4 Kd7) 63. g4 Ne7 $2 (63... Nf7 64. Kf3 Ne7) 64. Kf3 Nf7 65. Rh7 Kf8 66. Rh1 Kg7 (66... Ke8 $142 67. Rd1 Nh6) 67. Ra1 Ng6 68. Ra7 Kf6 69. Ra6+ Kg7 70. g5 Ne7 71. Kg4 Ng6 72. Ra7 Kf8 73. f5 Nge5+ 74. Kh5 Kg7 75. f6+ Kg8 76. g6 Nxg6 77. Kxg6 {[%mdl 4096] Endgame KR-KN} Ne5+ 78. Kf5 Nf7 79. Ke6 Nd8+ 80. Kf5 Nf7 $1 81. Rd7 {White mates.} Kf8 82. Rc7 Ke8 83. Kg6 Nd8 84. Ra7 Ne6 85. Re7+ {[%mdl 64] Double Attack. Accuracy: White = 59%, Black = 42%.} 1-0

[Event "SuperChess Cup Blitz 2019"]
[Site "Bucharest"]
[Date "2019.11.09"]
[Round "3.3"]
[White "Miron, Lucian-Costin"]
[Black "Deac, Bogdan-Daniel"]
[Result "1/2-1/2"]
[WhiteElo "2432"]
[BlackElo "2544"]
[Annotator "TA"]
[PlyCount "81"]
[EventDate "2019.11.06"]
[EventType "tourn"]
[EventCountry "ROU"]
[SourceTitle "playchess.com"]
[Source "ChessBase"]
[SourceQuality "1"]

{[%evp 13,81,0,0,0,4,-3,0,-14,36,0,13,-10,-12,-22,0,-18,-10,-9,-35,-45,0,0,0,0,17,18,10,10,23,-16,4,-13,-4,-18,0,-82,-83,-118,281,150,156,128,112,52,85,72,221,104,104,106,114,67,62,49,91,0,0,-298,-266,-172,0,0,0,0,0,0,0,0,0,0]} 1. d4 d5 2. c4 e6 3. Nc3 c6 4. Nf3 Nf6 5. g3 dxc4 6. Bg2 Nbd7 7. O-O b5 {[%cal Bb7b5,Bb5b4][%mdl 32]} 8. e4 {E01: Catalan: Early deviations} b4 9. e5 Nd5 10. Ne4 $1 h6 11. Re1 $146 ({Predecessor:} 11. Nfd2 N7b6 12. Nc5 Qc7 13. Nde4 Be7 14. Qg4 Kf8 15. Qe2 a5 {1-0 (43) Rychagov,A (2568)-Kim,A (2465) Moscow 2010}) 11... Be7 12. Qc2 Ba6 13. Bf1 c5 14. Bxc4 Bxc4 15. Qxc4 Rc8 16. Bd2 N7b6 17. Qb5+ Qd7 18. Qxd7+ $1 Kxd7 19. dxc5 Bxc5 20. a3 b3 21. Rac1 Be7 22. Nd4 Nc4 23. Bc3 Nxe5 24. Red1 (24. Rcd1 $11 {keeps the balance.}) 24... f5 $17 25. Nxf5 Nc4 $2 {[%mdl 8192]} (25... Nf3+ $17 {and life is bright.} 26. Kg2 exf5 27. Rxd5+ Ke6 28. Rxf5 Kxf5 29. Kxf3 Rhd8) 26. Nxg7 ({White should play} 26. Bxg7 $18 Rhd8 27. Nxe7 Kxe7 28. Re1 (28. Bxh6 Nxb2 29. Rxc8 Rxc8 $18)) 26... Rhd8 27. h4 a5 28. Rd4 (28. Nf6+ $16 Bxf6 29. Bxf6) 28... a4 29. Rcd1 Rg8 (29... Rc6 $16 {was worth a try.} 30. Kf1 Ncb6) 30. Nh5 (30. Nxe6 $1 $18 {is the precise move to win.} Kxe6 31. Rxd5) 30... Ke8 $16 31. Rxd5 {[%mdl 64] Decoy} exd5 32. Nef6+ ({But not} 32. Rxd5 Rg6 $14) 32... Kf7 {aiming for ...Rgd8.} 33. Nxg8 Kxg8 {[#]} 34. Rxd5 (34. Nf4 $1 $16) 34... Nxa3 $11 {Hoping for ...Rxc3!} 35. Rd7 $2 {[%mdl 8192]} (35. Bg7 $11 Rc5 36. Rd7 Rxh5 37. Rxe7) 35... Rxc3 $1 $19 36. Rxe7 {[#] KRN-KRN} Rc1+ $2 ({Better is} 36... Nc4 $1 $19 {[%cal Rc4b2]} 37. Nf6+ (37. bxc3 $2 {is the wrong capture.} b2 $19) 37... Kf8) 37. Kg2 $11 {The position is equal.} Nc4 38. Nf6+ Kf8 39. Rd7 $1 a3 (39... Nxb2 $5 40. Nh7+ $8 Kg8 41. Nf6+ Kf8 42. Nh7+ Kg8 43. Nf6+ Kf8 $11) 40. Nh7+ Ke8 41. Nf6+ {Accuracy: White = 28%, Black = 40%.} 1/2-1/2

[Event "SuperChess Cup Blitz 2019"]
[Site "Bucharest"]
[Date "2019.11.09"]
[Round "3.4"]
[White "David, Alexandru-Vasile"]
[Black "Georgescu, Tiberiu-Marian"]
[Result "1-0"]
[WhiteElo "2361"]
[BlackElo "2373"]
[Annotator "TA"]
[PlyCount "55"]
[EventDate "2019.11.06"]
[EventType "tourn"]
[EventCountry "ROU"]
[SourceTitle "playchess.com"]
[Source "ChessBase"]
[SourceQuality "1"]

{[%evp 9,55,26,18,24,22,10,16,15,27,37,30,19,24,20,83,74,78,74,95,25,25,0,0,0,18,5,12,6,13,0,407,415,487,493,518,397,460,459,908,875,1119,1037,29989,29990,29990,29991,29991,1436]} 1. d4 d5 2. c4 e6 3. Nc3 a6 4. cxd5 exd5 5. Bf4 (5. Nf3 Nf6 6. Bg5 Be6 7. e3 Nbd7 8. Bd3 c6 9. Qb3 Qb6 10. Qxb6 Nxb6 11. Bxf6 gxf6 12. Nh4 a5 13. O-O-O Bb4 {1-0 (40) So,W (2767)-Demchenko,A (2655) Khanty-Mansiysk 2019}) 5... Nf6 6. e3 {D31: Queen's Gambit Declined: Semi-Slav without ...Nf6 (+ Marshall Gambit and Noteboom) and Exchange Variation lines without ...Nf6} Bd6 7. Bg5 Be6 8. Bd3 {The position is equal.} Nbd7 9. Nge2 c6 10. h3 h6 11. Bh4 c5 $146 (11... Qc7 $11 {remains equal.}) ({Predecessor:} 11... Qc7 12. Bg3 O-O {0-1 (83) Sadzikowski,D (2558)-Kriebel,T (2488) Aracaju 2018}) 12. O-O $16 O-O 13. f4 {Hoping for f5.} cxd4 14. exd4 ({Better is} 14. Nxd4 $16 {And now f5 would win.} Nb6 15. a4) 14... Nb6 $1 $11 15. f5 Bd7 16. Nf4 $36 {[%mdl 2048] White has the initiative.} Be7 17. Qf3 Re8 18. Rae1 Bc6 $1 19. Kh1 (19. Re2 {looks sharper.} Qd6 20. Bg3 Qd7 21. Rfe1 Rac8 22. a3) 19... Nc4 $2 {[%mdl 8192] [#]} (19... Nbd7 $11) 20. Rxe7 $1 $18 {[%mdl 576] Remove Defender} Rxe7 (20... Qxe7 21. Nfxd5) 21. Bxf6 gxf6 22. Ncxd5 Bxd5 23. Nxd5 Nd2 (23... Ne3 $142) 24. Nxf6+ Kf8 {[#]} 25. Qf4 $1 {[%cal Rf4h6][%mdl 576] Double Attack} Rc7 26. Qxh6+ {White mates.} Ke7 27. Re1+ Kd6 28. Ne8+ {Accuracy: White = 63%, Black = 40%.} (28. Nd5+ $142 f6 29. Re6+ Kxd5 30. Qxd2 Qd6 31. Be4+ Kc4 {[#]} 32. Qa5 $1 {[%mdl 512]} Kxd4 33. Rxd6+ Ke3 34. Qe1+ Kf4 35. g3+ Kg5 36. Qe3+ Kh5 37. Bf3#) 1-0

[Event "SuperChess Cup Blitz 2019"]
[Site "Bucharest"]
[Date "2019.11.09"]
[Round "3.5"]
[White "Istratescu, Andrei"]
[Black "Cosma, Elena-Luminita"]
[Result "1-0"]
[WhiteElo "2604"]
[BlackElo "2199"]
[Annotator "TA"]
[PlyCount "92"]
[EventDate "2019.11.06"]
[EventType "tourn"]
[EventCountry "ROU"]
[SourceTitle "playchess.com"]
[Source "ChessBase"]
[SourceQuality "1"]

{[%evp 9,92,38,43,43,46,51,41,49,61,58,66,30,41,19,29,23,56,25,57,35,46,36,27,32,33,32,72,55,99,90,95,51,47,42,106,113,114,123,180,175,183,181,175,161,149,162,137,119,116,124,118,109,164,131,154,141,169,146,262,131,220,133,112,77,166,81,152,112,125,128,209,122,218,108,181,180,172,172,162,158,166,160,242,228,1266]} 1. e4 e6 2. d4 d5 3. Nc3 h6 4. Bd3 (4. Nf3 Nf6 5. Bd3 Bb4 6. exd5 exd5 7. O-O O-O 8. h3 Re8 9. Re1 Rxe1+ 10. Qxe1 c6 11. Bf4 Na6 12. a3 Bf8 13. Ne2 Nc7 14. Ne5 Nce8 15. c3 Nd6 {1-0 (25) Kobalia,M (2610)-Antipov,M (2595) Sochi 2019}) 4... Nc6 5. Nf3 Nb4 6. Bb5+ {C10: French with 3 Nc3: Unusual Black 3rd moves and 3...dxe4} c6 7. Be2 Nf6 8. e5 {White is slightly better.} Nd7 $146 ({Predecessor:} 8... Ne4 9. O-O c5 10. dxc5 Bxc5 11. Nb5 Nc6 {1-0 (43) Bharath,S (2383)-Malakhatko,V (2505) Taleigao 2019}) 9. a3 Na6 10. b4 {[%cal Bb2b4,Bb4b5][%mdl 32]} Nc7 11. Bd3 a5 12. b5 c5 13. a4 c4 {[#] White must now prevent ...Bb4.} 14. Be2 Bb4 15. Bd2 O-O 16. Na2 Be7 17. O-O Nb6 18. c3 f5 19. exf6 $1 Bxf6 20. Bf4 Ne8 21. Ne5 Nd6 (21... Bxe5 $14 22. Bxe5 Nd7) 22. Ng6 $16 Rf7 23. Bh5 Ne8 (23... Bg5 $16 {was worth a try.}) 24. Nc1 $18 Bg5 25. Bxg5 Qxg5 26. f4 Qd8 27. Ne5 Rf8 28. Bxe8 Qxe8 29. Ne2 Nd7 30. Qd2 Nf6 (30... Nxe5 $16 31. dxe5 (31. fxe5 Bd7 $14) 31... Qg6) 31. Ng3 Bd7 32. Rae1 Qd8 33. Qc1 Be8 (33... Rc8 $16 34. Qd2 Qc7) 34. h3 ({White should play} 34. f5 $18) 34... Rc8 (34... Nh5 $16) 35. Kh2 Rc7 36. Qa3 b6 (36... Qe7 $16 {is a better defense.} 37. Qc1 h5) 37. Re3 (37. f5 $18 {is more deadly.}) 37... Re7 (37... h5 $142) 38. Rfe1 Qc7 39. Kg1 Qd8 (39... Nh7 $16) 40. R1e2 (40. f5 $18) 40... Qc7 (40... Rc7 $16) 41. Kh1 (41. f5 $18) 41... Qd8 {[#]} (41... Nh7 $16) 42. f5 $1 {White is clearly better.} Ne4 43. Nxe4 dxe4 44. fxe6 ({Not} 44. Nxc4 exf5 45. Ne5 Rc7 $11) 44... Rxe6 45. Qc1 Qf6 (45... Bg6 $16 46. Nxg6 (46. Nxc4 Qg5 $16) 46... Rxg6) 46. Rxe4 Bd7 $2 {Accuracy: White = 36%, Black = 22%.} (46... Bg6) 1-0

[Event "SuperChess Cup Blitz 2019"]
[Site "Bucharest"]
[Date "2019.11.09"]
[Round "4.1"]
[White "Gavrilescu, David"]
[Black "Cosma, Elena-Luminita"]
[Result "0-1"]
[WhiteElo "2274"]
[BlackElo "2199"]
[Annotator "RC"]
[PlyCount "84"]
[EventDate "2019.11.06"]
[EventType "tourn"]
[EventCountry "ROU"]
[SourceTitle "playchess.com"]
[Source "ChessBase"]
[SourceQuality "1"]
[TimeMode "Bronstein"]
[TimeControl "300+3"]

1. e4 {[%emt 0:00:00]} e6 {[%emt 0:00:00]} 2. d4 {[%emt 0:00:00]} d5 {[%emt 0:00:00]} 3. Nc3 {[%emt 0:00:00]} h6 {[%emt 0:00:00]} 4. Nf3 {[%emt 0:00:02]} Nf6 {[%emt 0:00:00]} 5. e5 {[%emt 0:00:02]} Ne4 {[%emt 0:00:00]} 6. Bd3 {[%emt 0:00:18]} Bb4 {[%emt 0:00:00]} 7. Bd2 {[%emt 0:00:04]} Bxc3 {[%emt 0:00:03]} 8. bxc3 {[%emt 0:00:03]} Nxd2 {[%emt 0:00:03]} 9. Qxd2 {[%emt 0:00:03]} c5 {[%emt 0:00:03]} 10. h4 {[%emt 0:00:07]} Qa5 {[%emt 0:00:34]} 11. Rb1 {[%emt 0:00:43]} cxd4 {[%emt 0:00:03]} 12. cxd4 {[%emt 0:00:05]} Qxd2+ {[%emt 0:00:03]} 13. Kxd2 {[%emt 0:00:03]} Nc6 {[%emt 0:00:04]} 14. h5 {[%emt 0:00:08]} Na5 {[%emt 0:00:15]} 15. g4 {[%emt 0:00:14]} Bd7 {[%emt 0:00:12]} 16. Ne1 {[%emt 0:00:54]} b6 {[%emt 0:00:37]} 17. Ng2 {[%emt 0:00:05]} Ke7 {[%emt 0:00:43]} 18. Ne3 {[%emt 0:00:06]} Rac8 {[%emt 0:00:03]} 19. f4 {[%emt 0:00:03]} Rc7 {[%emt 0:00:23]} 20. Rbf1 {[%emt 0:00:06]} Rhc8 {[%emt 0:01:07]} 21. f5 {[%emt 0:00:43]} Nc6 {[%emt 0:00:04]} 22. Ba6 {[%emt 0:00:03]} Nxd4 {[%emt 0:00:05]} 23. Bxc8 {[%emt 0:00:03]} Rxc8 {[%emt 0:00:05]} 24. f6+ {[%emt 0:00:04]} gxf6 {[%emt 0:00:19]} 25. exf6+ {[%emt 0:00:14]} Kd6 {[%emt 0:00:03]} 26. g5 {[%emt 0:00:05]} hxg5 {[%emt 0:00:03]} 27. h6 {[%emt 0:00:03]} Rh8 {[%emt 0:00:05]} 28. c3 {[%emt 0:00:06]} Nf5 {[%emt 0:00:06]} 29. Nxf5+ {[%emt 0:00:33]} exf5 {[%emt 0:00:03]} 30. h7 {[%emt 0:00:10]} Ke5 {[%emt 0:00:10]} 31. Rh6 {[%emt 0:00:13]} f4 {[%emt 0:00:03]} 32. Rg1 {[%emt 0:00:23]} g4 {[%emt 0:00:11]} 33. Rf1 {[%emt 0:00:18]} Kf5 {[%emt 0:00:20]} 34. Rh5+ {[%emt 0:00:04]} Kg6 {[%emt 0:00:05]} 35. Rfh1 {[%emt 0:00:08]} Kxf6 {[%emt 0:00:03]} 36. Rxd5 {[%emt 0:00:05]} Be6 {[%emt 0:00:05]} 37. Rdh5 {[%emt 0:00:06]} Bf5 {[%emt 0:00:07]} 38. Rf1 {[%emt 0:00:04]} Kg6 {[%emt 0:00:07]} 39. Rh2 {[%emt 0:00:08]} Kg5 {[%emt 0:00:03]} 40. Rfh1 {[%emt 0:00:03]} Bg6 {[%emt 0:00:03]} 41. Ke2 {[%emt 0:00:03]} f5 {[%emt 0:00:06]} 42. Rg1 f3+ 0-1

[Event "SuperChess Cup Blitz 2019"]
[Site "Bucharest"]
[Date "2019.11.09"]
[Round "4.2"]
[White "Georgescu, Tiberiu-Marian"]
[Black "Istratescu, Andrei"]
[Result "0-1"]
[WhiteElo "2373"]
[BlackElo "2604"]
[Annotator "TA"]
[PlyCount "110"]
[EventDate "2019.11.06"]
[EventType "tourn"]
[EventCountry "ROU"]
[SourceTitle "playchess.com"]
[Source "ChessBase"]
[SourceQuality "1"]

{[%evp 14,110,48,26,62,56,98,100,131,53,101,107,101,95,91,91,94,56,91,16,18,15,17,15,43,27,41,42,54,0,0,8,14,0,7,0,0,0,0,0,0,0,114,114,114,16,15,0,110,15,14,0,0,-21,0,0,0,0,0,0,0,0,8,0,0,0,0,0,0,0,0,0,0,0,0,0,0,0,0,0,0,0,0,-2,-2,-50,-2,-29983,-29984,-29984,-29985,-29985,-29986,-29986,-29987,-29987,-29988,-29988,-29989]} 1. d4 g6 2. e4 Bg7 3. Nf3 c5 4. d5 d6 5. Bb5+ Bd7 6. a4 Nf6 7. Nc3 O-O 8. h3 e5 {A43: Schmid Benoni} (8... Na6 9. O-O Nc7 10. Bc4 a6 11. e5 dxe5 12. Nxe5 Be8 13. Bf4 b5 14. axb5 axb5 15. Rxa8 Qxa8 16. Nf3 bxc4 17. Bxc7 {½-½ (44) Wang,Y (2716)-Malakhov,V (2732) Ningbo 2010}) 9. Nd2 Bc8 10. Be2 Nbd7 $146 {White is better.} ({Predecessor:} 10... Na6 11. Nc4 Nc7 12. O-O Re8 13. Qd3 b6 14. f4 Ba6 15. Qf3 Bxc4 16. Bxc4 {1-0 (38) Solaesa Navalpotro,L (2176)-Estrada Martinez,C (2186) Madrid 2002}) 11. O-O (11. g4 $16) 11... Bh6 12. Nc4 Bxc1 13. Qxc1 Nb6 14. Ne3 a5 15. Ra3 Bd7 16. Nc4 (16. f4 $16) 16... Nxc4 $11 17. Bxc4 Nh5 18. Bb5 Bc8 19. Ne2 b6 20. Qh6 Ra7 21. f4 (21. g4 $5 {[%cal Rg4h5]} Nf6 22. Nc3 $16) 21... Nxf4 22. Nxf4 exf4 23. Rxf4 f6 24. Raf3 Raf7 25. h4 Qe7 26. Rf2 Qe5 27. c3 g5 (27... f5 $11) 28. hxg5 $16 Qxg5 29. Qh2 (29. Qxg5+ $16 fxg5 30. Rxf7 Rxf7 31. e5) 29... Rg7 $11 30. Bf1 Qe5 {[#]} (30... Rg6 $11 {remains equal.} 31. Rh4 Rf7) 31. Qh4 ({White should play} 31. Rxf6 $1 $16 {[%csl Gf2][%cal Rf6f8]} Qxh2+ 32. Kxh2 Rxf6 33. Rxf6) 31... Rg6 32. Bb5 Kg7 33. Qh2 Bg4 (33... Rh6 {seems wilder.} 34. Qg3+ Kh8 35. R4f3 Qh5 36. Kf1 Bg4) 34. Qh4 (34. Rf1 {is more complex.} Bc8 35. R1f3 Bg4 36. Rf2 Bc8 37. Rh4) 34... Qg5 35. Qxg5 Rxg5 36. Be2 Bd7 37. Bb5 Bc8 38. R2f3 h5 39. Kf2 Rg4 40. Rg3 Kh6 41. Rgxg4 Bxg4 {[%mdl 4096] Endgame KRB-KRB} 42. Be2 Kg5 43. g3 Bd7 44. Rh4 Rh8 45. Ke3 Be8 46. b3 Bg6 47. c4 Re8 48. Rf4 f5 {[%cal Re8e4]} 49. Bd3 (49. Bf3 {feels hotter.} Re7 50. Bg2 Kf6 51. Rf1 Bh7 52. Kf4) 49... fxe4 50. Bxe4 $2 {[%mdl 8192] [#]} (50. Bf1 $11) 50... Rxe4+ {Black mates.} 51. Rxe4 Bxe4 52. Kxe4 $15 {KP-KP} Kg4 53. Ke3 Kxg3 54. Ke4 Kg4 55. Ke3 h4 {Accuracy: White = 45%, Black = 66%.} 0-1

[Event "SuperChess Cup Blitz 2019"]
[Site "Bucharest"]
[Date "2019.11.09"]
[Round "4.3"]
[White "Deac, Bogdan-Daniel"]
[Black "David, Alexandru-Vasile"]
[Result "1/2-1/2"]
[WhiteElo "2544"]
[BlackElo "2361"]
[Annotator "TA"]
[PlyCount "62"]
[EventDate "2019.11.06"]
[EventType "tourn"]
[EventCountry "ROU"]
[SourceTitle "playchess.com"]
[Source "ChessBase"]
[SourceQuality "1"]

{[%evp 21,62,-3,0,0,0,-22,32,49,47,0,0,0,19,16,49,46,54,0,0,11,7,0,36,38,33,30,27,29,27,18,27,0,0,0,0,0,0,0,0,0,0,0,0]} 1. e4 c5 2. Nf3 Nc6 3. d4 cxd4 4. Nxd4 Nf6 5. Nc3 d6 6. h3 e5 7. Nf3 h6 8. Bc4 Be6 9. Bb3 Be7 10. Be3 O-O 11. O-O Na5 12. Qe2 {B56: Classical Sicilian: Unusual Lines} Qc7 (12... Rc8 13. Rfd1 Nc4 14. Bxc4 Bxc4 15. Qe1 Qc7 16. a4 b6 17. Nh4 Be6 18. Nf5 Bxf5 19. exf5 Rfd8 {½-½ (41) Andriasian,Z (2621)-Tseitlin,M (2399) St Petersburg 2013}) 13. Rad1 Bc4 $146 ({Black should play} 13... Rac8 $11) ({Predecessor:} 13... Nxb3 14. cxb3 Rad8 15. Qb5 {½-½ (54) Pinchon,F-Maguire,G ICCF email 2013}) 14. Bxc4 $14 {White is slightly better.} Qxc4 15. Qxc4 Nxc4 16. Bc1 a6 17. Nh4 Rfd8 18. Nf5 Bf8 $1 19. Ne3 (19. b3 {is interesting.} Nb6 20. Ne3 Rdc8 21. Bb2 Nbd7 22. a4) 19... Nxe3 20. Bxe3 Rac8 21. f3 Rc6 22. Rf2 Rdc8 23. Kf1 b5 24. a3 Be7 25. Rdd2 Bd8 {With the idea ...Ba5.} 26. Nd5 Nxd5 {The position is equal.} 27. Rxd5 Rxc2 28. Rxc2 Rxc2 29. Rxd6 {[%mdl 64] [#] Double Attack} Bh4 30. Rxa6 Rxb2 31. Rb6 Rb3 {Accuracy: White = 52%, Black = 53%.} 1/2-1/2